[Event "Challenge"]
[Site "http://www.queenalice.com/game.php?id=868046"]
[Date "2010.12.5"]
[Round "-"]
[White "josekasparov"]
[Black "ABarberis"]
[Result "1-0"]
[WhiteElo "2342"]
[BlackElo "1944"]

1. d4 d5 2. c4 dxc4 3. Nf3 Nf6 4. e3 e6 5. Bxc4 c5 6. Nc3 a6 7. a4 Nc6 8. O-O
Na5 9. Bd3 c4 10. Bc2 Nd5 11. Ne5 Bd6 12. f4 g6 13. e4 Nb4 14. Be3 Nxc2 15. Qxc2
Nb3 16. Rad1 Bxe5 17. dxe5 Qc7 18. Rd6 Nc5 19. Qf2 Nd3 20. Qh4 Qe7 21. Qh6 f5
22. b3 fxe4 23. Nxe4 b5 24. f5 exf5 25. Bg5 Qc7 26. e6 Bxe6 27. Rxe6+ Kf7 28.
Re7+ Qxe7 29. Bxe7 Kxe7 30. Qg7+ Ke6 31. bxc4 bxc4 32. Qd4 Rhc8 33. Qd6+ Kf7 34.
Qd7+ Kg8 35. Nf6+ Kf8 36. Nxh7+ 1-0

[Event "Correios II"]
[Site "http://www.queenalice.com/game.php?id=879564"]
[Date "2010.12.31"]
[Round "2"]
[White "josekasparov"]
[Black "ABarberis"]
[Result "1-0"]
[WhiteElo "2346"]
[BlackElo "1936"]

1. d4 Nf6 2. Nf3 c5 3. d5 b5 4. a4 b4 5. c4 d6 6. Nbd2 Bf5 7. g3 Qd7 8. Bg2 Na6
9. O-O Nc7 10. Re1 e6 11. e4 Bg4 12. h3 Bxf3 13. Nxf3 e5 14. Nh4 O-O-O 15. Bg5
Nce8 16. Qf3 h6 17. Bxf6 Nxf6 18. a5 a6 19. Nf5 Nh7 20. Qe3 Kc7 21. f4 f6 22.
Rf1 Rg8 23. fxe5 fxe5 24. Rf2 Nf6 25. Nxh6 Nxd5 26. cxd5 gxh6 27. Raf1 Qa4 28.
Rf7+ Kc8 29. Ra7 Qxa5 30. Rff7 Kb8 31. Rfb7+ Kc8 32. h4 Qa1+ 33. Kh2 Qxb2 34.
Qf3 1-0

[Event "AUTO-ADV-2034"]
[Site "http://www.queenalice.com/game.php?id=884181"]
[Date "2011.1.10"]
[Round "1"]
[White "UKopra"]
[Black "ABarberis"]
[Result "0-1"]
[WhiteElo "1819"]
[BlackElo "1933"]

1. d4 Nf6 2. c4 e6 3. Nc3 Bb4 4. e3 Ne4 5. Qc2 d5 6. Bd3 f5 7. Ne2 c5 8. a3 Nxc3
9. Nxc3 Bxc3+ 10. bxc3 b6 11. cxd5 Qxd5 12. O-O Bb7 13. f3 c4 14. e4 cxd3 15.
Qxd3 fxe4 16. fxe4 Qxe4 17. Qxe4 Bxe4 18. Rf4 Bd5 19. Rg4 g6 20. Bh6 Nc6 21. Bg7
Rg8 22. Bf6 Kd7 23. g3 Rgf8 24. Rf4 Rf7 25. Rc1 b5 26. Rcf1 Na5 27. Bg5 Rxf4 28.
Rxf4 Ke8 29. Rh4 h5 30. Rf4 Nc6 31. Kf2 Ne7 32. Bh6 Nf5 33. g4 Nxh6 34. Rf6
Nxg4+ 0-1

[Event "AUTO-ADV-2034"]
[Site "http://www.queenalice.com/game.php?id=884182"]
[Date "2011.1.10"]
[Round "1"]
[White "ABarberis"]
[Black "UKopra"]
[Result "1-0"]
[WhiteElo "1924"]
[BlackElo "1822"]

1. e4 e6 2. Nf3 d5 3. e5 c5 4. Bb5+ Nc6 5. O-O Bd7 6. d4 Qb6 7. Bxc6 Bxc6 8. c3
cxd4 9. Nxd4 Bc5 10. Be3 Qxb2 11. Qb3 Qxb3 12. axb3 Ne7 13. b4 Bb6 14. Nd2 Bc7
15. f4 Bb6 16. g4 O-O-O 17. N2b3 f6 18. Kf2 Bd7 19. Rfc1 fxe5 20. fxe5 Rhf8+ 21.
Ke2 Ng6 22. c4 Kb8 23. c5 Bc7 24. c6 bxc6 25. Nxc6+ Bxc6 26. Rxc6 Bxe5 27. Bxa7+
Kb7 28. Raa6 Rd6 29. Na5+ Ka8 30. Bc5+ Kb8 31. Bxd6+ Bxd6 32. Rxd6 Rc8 33. Nc6+
Kb7 34. b5 Rc7 35. Ra7+ Kb6 36. Rxc7 Kxc7 37. Rd8 Nf4+ 38. Kf3 g5 39. Rg8 h6 40.
Rh8 Kb6 41. Rxh6 Kxb5 42. Nd4+ Kc4 43. Nxe6 Nxe6 44. Rxe6 d4 45. Ke2 d3+ 46. Kd2
Kd4 47. Rg6 1-0

[Event "AUTO-ADV-2034"]
[Site "http://www.queenalice.com/game.php?id=884199"]
[Date "2011.1.10"]
[Round "1"]
[White "ABarberis"]
[Black "biano"]
[Result "1-0"]
[WhiteElo "1955"]
[BlackElo "1832"]

1. e4 e6 2. Nf3 d5 3. e5 c5 4. d4 a6 5. Bg5 Be7 6. Bxe7 Qxe7 7. c4 dxc4 8. Bxc4
b5 9. Bd3 Bb7 10. dxc5 Qxc5 11. O-O Ne7 12. Nc3 O-O 13. Ne4 Bxe4 14. Bxe4 Ra7
15. Rc1 Qb6 16. Qd3 h6 17. Rfd1 Rd7 18. Qc2 Qd8 19. Rxd7 Qxd7 20. Rd1 Qc8 21.
Qd3 Nec6 22. Rc1 Qe8 23. Qd6 Na5 24. Rc7 Qd8 25. b3 Qxd6 26. exd6 g5 27. Ne5 Rd8
28. Rxf7 Rxd6 29. Bh7+ Kh8 30. Ng6# 1-0

[Event "AUTO-ADV-2034"]
[Site "http://www.queenalice.com/game.php?id=884200"]
[Date "2011.1.10"]
[Round "1"]
[White "biano"]
[Black "ABarberis"]
[Result "1-0"]
[WhiteElo "1765"]
[BlackElo "1947"]

1. e4 c5 2. d4 cxd4 3. c3 dxc3 4. Nxc3 Nc6 5. Bc4 Ne5 6. Bb3 Nf6 7. Nf3 Qa5 8.
O-O d6 9. h3 Nxf3+ 10. Qxf3 g6 11. Rd1 Bg7 12. Bd2 O-O 13. Nd5 Qb5 14. Nc7 Qe5
15. Bc3 Qc5 16. Nxa8 Bd7 17. Rac1 Qb6 18. Nxb6 1-0

[Event "AUTO-ADV-2034"]
[Site "http://www.queenalice.com/game.php?id=884201"]
[Date "2011.1.10"]
[Round "1"]
[White "ABarberis"]
[Black "milan3zi"]
[Result "1-0"]
[WhiteElo "1934"]
[BlackElo "2054"]

1. d4 d5 2. c4 e6 3. Nf3 Nc6 4. Bf4 Nf6 5. a3 dxc4 6. e3 b5 7. b3 Na5 8. bxc4
Nxc4 9. Bxc4 bxc4 10. Qa4+ Bd7 11. Qxc4 Bd6 12. Ne5 Rb8 13. Nc3 O-O 14. O-O Nd5
15. Nxd7 Qxd7 16. Nxd5 exd5 17. Qxd5 Rb5 18. Qf3 Rf5 19. g3 g5 20. e4 Rb5 21.
Bxd6 Qxd6 22. d5 Rfb8 23. Qe3 h6 24. Qxa7 R8b7 25. Qd4 Ra5 26. Rfb1 Rxb1+ 27.
Rxb1 c6 28. Rb6 Rc5 29. Qb4 Rc1+ 30. Kg2 Qxb4 31. axb4 cxd5 32. exd5 Rd1 33. d6
f6 34. Rb8+ Kf7 35. Rb7+ Ke6 36. d7 Rxd7 37. Rxd7 Kxd7 38. Kf3 f5 39. g4 f4 40.
Ke4 Ke6 41. f3 1-0

[Event "AUTO-ADV-2034"]
[Site "http://www.queenalice.com/game.php?id=884202"]
[Date "2011.1.10"]
[Round "1"]
[White "milan3zi"]
[Black "ABarberis"]
[Result "0-1"]
[WhiteElo "1998"]
[BlackElo "1991"]

1. e4 e5 2. Nf3 Nc6 3. Bb5 d6 4. d4 Bd7 5. d5 Nb4 6. Be2 Nf6 7. Nc3 c6 8. a3 Na6
9. Bxa6 bxa6 10. Bg5 Be7 11. O-O cxd5 12. exd5 Bb5 13. Re1 O-O 14. a4 Bd7 15.
Nd2 h6 16. Bh4 g5 17. Bg3 Bg4 18. f3 Qb6+ 19. Bf2 Qxb2 20. Nde4 Nxe4 21. Nxe4
Bd7 22. Qd3 Qb7 23. Reb1 Qc7 24. Qxa6 Rfb8 25. g4 Rxb1+ 26. Rxb1 Qxc2 27. Rb7
Bc8 28. Qc6 Qd1+ 29. Kg2 Bxb7 30. Qxb7 Re8 31. Qxa7 Qxd5 32. Qxe7 Rxe7 33. Nf6+
Kf8 34. Nxd5 Rb7 35. Nb6 Rc7 36. a5 Rc2 37. a6 Ra2 38. a7 Rxa7 39. Nc4 Ra6 40.
Ne3 Kg7 41. Nf5+ Kh7 42. Bg3 f6 43. Kf2 d5 44. Ke3 Ra3+ 45. Ke2 d4 46. Be1 Ra2+
47. Bd2 Ra3 48. Nd6 Kg6 49. Nc4 Ra1 50. Be1 h5 51. Nd6 hxg4 52. fxg4 d3+ 0-1

[Event "Challenge"]
[Site "http://www.queenalice.com/game.php?id=893449"]
[Date "2011.1.30"]
[Round "-"]
[White "JD"]
[Black "ABarberis"]
[Result "0-1"]
[WhiteElo "1531"]
[BlackElo "1931"]

1. c4 Nf6 2. g3 d5 3. cxd5 Qxd5 4. f3 Bf5 5. e4 Nxe4 6. fxe4 Qxe4+ 7. Qe2 Qxh1
8. Nf3 Bg4 9. Qb5+ Nd7 10. Ne5 Qe4+ 11. Be2 Qxe5 12. Qc4 Bxe2 13. Qxe2 O-O-O 14.
d3 Qxe2+ 15. Kxe2 Ne5 16. Be3 Ng4 17. Bxa7 b6 18. Nc3 Kb7 19. Nb5 c6 20. Bxb6
Kxb6 21. Nc3 Nxh2 22. a4 Ra8 23. b4 e6 24. a5+ Kb7 25. b5 cxb5 26. Nxb5 Bb4 27.
a6+ Rxa6 28. Rb1 Ra2+ 29. Kd1 Rd2+ 30. Kc1 Rc8+ 31. Nc3 Rxd3 32. Rxb4+ Kc6 33.
Rc4+ Kd7 34. Rxc8 Kxc8 35. Nd1 Rxg3 36. Nf2 Rg1+ 37. Nd1 Rxd1+ 0-1

[Event "Challenge"]
[Site "http://www.queenalice.com/game.php?id=895651"]
[Date "2011.2.4"]
[Round "-"]
[White "Dsilver"]
[Black "ABarberis"]
[Result "0-1"]
[WhiteElo "1663"]
[BlackElo "1942"]

1. d4 d5 2. e3 c5 3. Bd2 cxd4 4. exd4 Nc6 5. Ne2 Nf6 6. a4 Bg4 7. f3 Bf5 8. g4
Bg6 9. Nf4 Nxd4 10. Nxg6 hxg6 11. g5 Nh5 12. c3 Nc6 13. b4 d4 14. b5 dxc3 15.
Nxc3 Nd4 16. Rb1 e5 17. Be3 Bc5 18. Bxd4 Bxd4 19. Ne4 Qa5+ 20. Qd2 Qxd2+ 21.
Kxd2 O-O 22. Nd6 b6 23. Bg2 Rad8 24. Nb7 Rd7 25. f4 Nxf4 26. Bc6 Re7 27. h4 f5
28. Nd6 Bc5 29. Nc4 Rd8+ 30. Kc2 e4 31. a5 e3 32. Rbd1 Rxd1 33. Rxd1 e2 34. Re1
Bf2 35. Rxe2 Rxe2+ 36. Kb3 bxa5 37. Nxa5 Bxh4 38. Kc4 Ne6 39. Bd5 Bxg5 40. Nc6
Kf8 41. Nxa7 Nd8 42. b6 Be3 43. b7 Bxa7 44. Kb5 f4 45. Ka6 Bb8 0-1

[Event "AUTO-ADV-2115"]
[Site "http://www.queenalice.com/game.php?id=920806"]
[Date "2011.4.2"]
[Round "1"]
[White "Guilherme_Ottoni"]
[Black "ABarberis"]
[Result "0-1"]
[WhiteElo "2036"]
[BlackElo "1999"]

1. d4 Nf6 2. c4 e6 3. Nc3 Bb4 4. e3 c5 5. Ne2 Nc6 6. a3 Bxc3+ 7. Nxc3 cxd4 8.
exd4 d5 9. c5 a5 10. Bf4 O-O 11. Bd3 Nxd4 12. Bxh7+ Nxh7 13. Qxd4 Bd7 14. O-O
Bc6 15. Rac1 Re8 16. Bd6 b6 17. Rfe1 bxc5 18. Bxc5 Qd7 19. Re3 Reb8 20. Rg3 f6
21. b4 e5 22. Qd3 Ng5 23. bxa5 d4 24. h4 Ne6 25. Bb4 Nf4 26. Qd2 Nxg2 27. Rxg2
Bxg2 28. Kxg2 Qg4+ 29. Kf1 dxc3 30. Rxc3 Rd8 31. Rd3 Qc4 0-1

[Event "AUTO-ADV-2115"]
[Site "http://www.queenalice.com/game.php?id=920807"]
[Date "2011.4.2"]
[Round "1"]
[White "ABarberis"]
[Black "Guilherme_Ottoni"]
[Result "1-0"]
[WhiteElo "2009"]
[BlackElo "2064"]

1. d4 Nf6 2. c4 g6 3. Nc3 d5 4. Bf4 Bg7 5. e3 O-O 6. Rc1 Na6 7. cxd5 Nxd5 8.
Nxd5 Qxd5 9. a3 Qa5+ 10. Rc3 c6 11. b4 Qb6 12. Nf3 Nc7 13. Qb3 Nd5 14. Rc5 Nxf4
15. exf4 Rd8 16. Ne5 Be6 17. Bc4 Bxc4 18. Qxc4 Bxe5 19. fxe5 Kg7 20. Ke2 f6 21.
Kd3 Qc7 22. Kc3 fxe5 23. Rxe5 Rf8 24. Rhe1 Rae8 25. f3 Qd7 26. Qc5 Rf7 27. Qxa7
Rf4 28. Qc5 Kf7 29. R1e4 Rxe4 30. Rxe4 e6 31. Rf4+ Kg7 32. Qe5+ Kg8 33. Rf6 Re7
34. h4 Qd5 35. Qb8+ 1-0

[Event "AUTO-ADV-2115"]
[Site "http://www.queenalice.com/game.php?id=920822"]
[Date "2011.4.2"]
[Round "1"]
[White "yclaudiu35"]
[Black "ABarberis"]
[Result "0-1"]
[WhiteElo "1910"]
[BlackElo "1966"]

1. e4 e5 2. Nf3 Nc6 3. Nc3 Bb4 4. a3 Ba5 5. b4 Bb6 6. b5 Nd4 7. Nxe5 d6 8. Nc4
Bc5 9. Bd3 Qg5 10. Bf1 Bg4 11. f3 Qh4+ 12. g3 Nxf3+ 13. Qxf3 Bxf3 0-1

[Event "AUTO-ADV-2115"]
[Site "http://www.queenalice.com/game.php?id=920823"]
[Date "2011.4.2"]
[Round "1"]
[White "ABarberis"]
[Black "yclaudiu35"]
[Result "1-0"]
[WhiteElo "1980"]
[BlackElo "1867"]

1. e4 e5 2. Nf3 Qf6 3. Bc4 Bc5 4. O-O d6 5. c3 h6 6. d4 exd4 7. cxd4 Bb6 8. e5
dxe5 9. Nxe5 Be6 10. Re1 Ne7 11. Nc3 O-O 12. Ne4 Qf5 13. g4 Qh7 14. d5 Bc8 15.
Nxf7 Rxf7 16. d6 Nec6 17. Ng5 Bxf2+ 18. Kg2 hxg5 19. Re8# 1-0

[Event "AUTO-ADV-2115"]
[Site "http://www.queenalice.com/game.php?id=920834"]
[Date "2011.4.2"]
[Round "1"]
[White "ABarberis"]
[Black "chaosagent"]
[Result "1-0"]
[WhiteElo "2022"]
[BlackElo "1742"]

1. d4 d5 2. c4 c6 3. Nf3 Nf6 4. Bg5 e6 5. c5 h6 6. Bh4 Be7 7. Nc3 Nbd7 8. Qc2 b6
9. b4 bxc5 10. bxc5 Ba6 11. Qa4 O-O 12. Qxa6 g5 13. Bg3 Nh5 14. Qxc6 Rc8 15. Qa6
1-0

[Event "AUTO-ADV-2115"]
[Site "http://www.queenalice.com/game.php?id=920835"]
[Date "2011.4.2"]
[Round "1"]
[White "chaosagent"]
[Black "ABarberis"]
[Result "1-0"]
[WhiteElo "1737"]
[BlackElo "2027"]

1. e4 e5 2. Nf3 Nc6 3. Bb5 a6 4. Ba4 b5 5. Bb3 Nf6 6. O-O Bc5 7. c3 Nxe4 8. d4
exd4 9. cxd4 Bb4 10. a3 Ba5 11. d5 Ne7 12. Bc2 Nf6 13. b4 Bb6 14. Re1 Nxd5 15.
Qxd5 c6 16. Qg5 g6 17. Qf6 Rg8 18. Bg5 1-0

[Event "AUTO-ADV-2034"]
[Site "http://www.queenalice.com/game.php?id=952907"]
[Date "2011.6.22"]
[Round "2"]
[White "ABarberis"]
[Black "FranciscoJavier"]
[Result "1-0"]
[WhiteElo "2061"]
[BlackElo "2011"]

1. e4 c6 2. d4 d5 3. e5 Bf5 4. Nf3 e6 5. Bd3 Bxd3 6. Qxd3 Qa5+ 7. Bd2 Qa6 8. Qb3
Nd7 9. Bb4 c5 10. Ba3 Rc8 11. Qd3 Qxd3 12. cxd3 Ne7 13. Nc3 Nf5 14. dxc5 Nxc5
15. Kd2 a6 16. b4 1-0

[Event "AUTO-ADV-2034"]
[Site "http://www.queenalice.com/game.php?id=952908"]
[Date "2011.6.22"]
[Round "2"]
[White "FranciscoJavier"]
[Black "ABarberis"]
[Result "0-1"]
[WhiteElo "2027"]
[BlackElo "2020"]

1. d4 Nf6 2. Bf4 e6 3. e3 c5 4. Nf3 d5 5. c3 cxd4 6. exd4 Bd6 7. Bxd6 Qxd6 8.
Bd3 Nbd7 9. Nbd2 b6 10. Qe2 Bb7 11. O-O Nh5 12. Ne5 Nf4 0-1

[Event "AUTO-ADV-2034"]
[Site "http://www.queenalice.com/game.php?id=952909"]
[Date "2011.6.22"]
[Round "2"]
[White "ABarberis"]
[Black "AASGUAIRA"]
[Result "1-0"]
[WhiteElo "2036"]
[BlackElo "2268"]

1. d4 d5 2. c4 e6 3. cxd5 exd5 4. Nc3 Nf6 5. Bg5 Be7 6. e3 O-O 7. Bd3 h6 8. Bf4
Bg4 9. Qb3 b6 10. Nb5 Bd6 11. Nxd6 cxd6 12. h3 Bh5 13. Ne2 Nc6 14. Ng3 Bg6 15.
Nf5 Na5 16. Qb4 Nc4 17. Ke2 Qd7 18. Nxd6 Bxd3+ 19. Kxd3 Qe7 20. Rac1 a5 21. Qb3
Nxd6 22. Qxb6 Nc4 23. Rxc4 dxc4+ 24. Kxc4 1-0

[Event "AUTO-ADV-2034"]
[Site "http://www.queenalice.com/game.php?id=952910"]
[Date "2011.6.22"]
[Round "2"]
[White "AASGUAIRA"]
[Black "ABarberis"]
[Result "0-1"]
[WhiteElo "2206"]
[BlackElo "2075"]

1. d4 d5 2. c4 dxc4 3. Nc3 Nf6 4. e4 e5 5. d5 c6 6. Bxc4 Bb4 7. Bg5 O-O 8. Ne2
h6 9. Bxf6 gxf6 10. O-O f5 11. exf5 Bxf5 12. Bd3 Bxc3 13. Nxc3 Bxd3 14. Qxd3
cxd5 15. Nxd5 Nc6 16. f4 f5 17. fxe5 Nxe5 18. Qg3+ Ng4 19. Rad1 Qa5 20. h3 Rad8
21. b4 Qb5 22. Ne7+ Kh7 0-1

[Event "AUTO-ADV-2034"]
[Site "http://www.queenalice.com/game.php?id=952911"]
[Date "2011.6.22"]
[Round "2"]
[White "ABarberis"]
[Black "vcc1982"]
[Result "0-1"]
[WhiteElo "2016"]
[BlackElo "2244"]

1. d4 Nf6 2. c4 d5 3. Bg5 Ne4 4. Bf4 e6 5. c5 Be7 6. f3 Nf6 7. Nc3 Nh5 8. Bd2
Bh4+ 9. g3 Nxg3 10. Bf4 Nxh1+ 11. Kd2 Qf6 12. Be5 Qg5+ 0-1

[Event "AUTO-ADV-2034"]
[Site "http://www.queenalice.com/game.php?id=952912"]
[Date "2011.6.22"]
[Round "2"]
[White "vcc1982"]
[Black "ABarberis"]
[Result "1-0"]
[WhiteElo "2252"]
[BlackElo "2027"]

1. e4 e5 2. Nf3 Nc6 3. Bc4 Bc5 4. b4 Bxb4 5. c3 Be7 6. d4 d6 7. O-O Nf6 8. Ng5
d5 9. exd5 Nxd5 10. Qh5 g6 11. Qf3 Bxg5 12. Bxd5 O-O 13. Bxc6 Bxc1 14. Rxc1 bxc6
15. dxe5 Qd5 16. Qe3 Re8 17. Re1 f6 18. f4 a5 19. Nd2 a4 20. Ne4 Qf7 21. Nxf6+
Qxf6 22. exf6 Rxe3 23. Rxe3 Kf7 24. Re7+ Kxf6 25. Rxc7 Kf5 26. Rf7+ Ke4 27. Rd1
c5 28. Rd8 Rb8 29. Re7+ Kxf4 30. Rf8+ Kg5 31. h4+ Kxh4 32. Re4+ Kg5 33. Re5+ Kh6
34. Kh2 1-0